000
00251nam a2200097Ia 4500
001
915251
005
20250826185831.0
008
250824s9999 xx 000 0 und d
245
0
_a
DELİ ÇOCUĞUN GÜNCESİ
_c
ÖZGÜR BACAKSIZ
260
_b
DESTEK YAYINLARI
999
_c
915251
_d
915251